Geography containing WA-WZ - Statistics

General Stats
  • This quiz has been taken 5 times
  • The average score is 6 of 26
Answer Stats
Contains: Clue Answer % Correct
WK Animal-themed town in North Carolina famous for the first plane flight (9) Kitty Hawk
75%
WE The capital of Malawi (7) Lilongwe
75%
WC English city founded on a strong fortification (9) Newcastle
50%
WM Common place name referring to a traditional outdoor trading spot (9) Newmarket
50%
WJ A law is set up to deal with traffic congestion in this Saudi town (7) Al Awjām
25%
WD Scottish town's lair of cattle who put some energy into their bath (11) Cowdenbeath
25%
WN Jamaican city whose name refers to the country where Madrid is located (11) Spanish Town
25%
WU Chinese city stores a litre of a vitamin with iodine (5) Laiwu
25%
WL Ma'am says yes in eastern Burmese city (10) Mawlamyine
25%
WB Modern town in eastern Scotland (8) Newburgh
25%
WP Common coastal place name from Rhode Island, Wales and elsewhere (7) Newport
25%
WQ Holiday resort in Cornwall, referring to a dock by the sea (7) Newquay
25%
WT Place name indicating a town which has just been built (6) Newton
25%
WA No way you'd be right to miss a visit to this nation (6 letters) Norway
25%
WV Town of controversy in Australia (8) Rowville
25%
WG Florida town known for its golf course where they cut the lawn (8) Sawgrass
25%
WF Lower head in this remote desert town in Libya (6) Al Jawf
0%
WR A £50,000 hotel at a town in Qatar (7) Al Khawr
0%
WS Province in Oman where chords are heard playing for an hour, in the area of a river (7) Bawshar
0%
WI Ugandan township in the capital of Burundi, where the business is back, selling something that is unusual to wear (10) Bwizibwera
0%
WX Bird of prey without tail section seen by England '66 striker at Colorado river (14) Hawxhurst Creek
0%
WH The entranceway to this Somali town is ajar (6) Jawhar
0%
WW City on the Nile back in Darfur, where you are eliminated by the king of a dead area, the ultimate Africa leader (12) Kafr ad Dawwār
0%
WZ Mountains visible from area of Yemen (5) Mawza'
0%
WY Minor Polish city where we hear there are no bags for Santa to carry gifts (8) Nowy Sącz
0%
WO Thomas from Scotland shows his value in Staffordshire town (8) Tamworth
0%
No matching quizzes found
Score Distribution
Percent of People with Each Score
Percentile by Number Answered
Your Score History
You have not taken this quiz